Księżyce Neptuna - Statystyki

Ogólne statystyki
  • Ten quiz został rozwiązany 5 razy
  • Średni wynik to 7 z 14
Statystyki odpowiedzi
Numer Średnicakm Nazwa % Poprawnych
I 2706 Tryton
100%
VI 158 Galatea
60%
VII 192 Larissa
60%
II 340 Nereida
60%
VIII 416 Proteusz
60%
IV 80 Talassa
60%
V 148 Despoina
40%
IX 61 Halimede
40%
XIV 18 Hippokamp
40%
III 58 Najada
40%
XIII 60 Neso
40%
XII 40 Laomedea
20%
X 38 Psamathe
20%
XI 40 Sao
20%
Nie znaleziono quizów pasujących do podanych kryteriów
Rozkład punktacji
Procent ludzi z każdym wynikiem
Percentyl według liczby udzielonych odpowiedzi
Twoja historia wyników
Nie rozwiązałeś tego quizu